LEADER 00924nam0 22002531i 450 001 RML0237136 005 20231121125703.0 100 $a20121121d1985 ||||0itac50 ba 101 | $aita 102 $ait 181 1$6z01$ai $bxxxe 182 1$6z01$an 200 1 $aPoverty, inequality and development$fGary S. Fields 210 $aCambridge $cCambridge Univ. Press $d1985 215 $a281 p.$ctab.$d22 cm 700 1$aFIELDS$b, Gary S.$3RMLV151452$0249291 801 3$aIT$bIT-01$c20121121 850 $aIT-FR0098 899 $aBiblioteca Area Giuridico Economica$bFR0098 912 $aRML0237136 950 0$aBiblioteca Area Giuridico Economica$d 53CAM 330.9/126$e 53VM 0000058615 VM barcode:ECO000424. - Inventario:4246. - Fondo:Sala consultazioneVM$fA $h19951128$i20121204 977 $a 53 996 $aPoverty, Inequality and Development$9616655 997 $aUNICAS LEADER 01022nam0 22002771i 450 001 UON00399985 005 20231205104651.958 100 $a20111110d1922 |0itac50 ba 101 $afre 102 $aFR 105 $a|||| ||||| 200 1 $aˆLa ‰ fete arabe$fJérome et Jean Tharaud 210 $aParis$cPlon$d[1922] 215 $a291 p.$d18 cm. 606 $aARABIA$xFeste$3UONC079969$2FI 606 $aFeste$xAspetti antropologici$3UONC077009$2FI 620 $aFR$dParis$3UONL002984 700 1$aTHARAUD$bJérôme$3UONV052009$0489266 701 1$aTHARAUD$bJean$3UONV052010$0595818 712 $aLibrairie Plon$3UONV248688$4650 801 $aIT$bSOL$c20260313$gRICA 899 $aSIBA - SISTEMA BIBLIOTECARIO DI ATENEO E ARCHIVIO STORICO$2UONSI 912 $aUON00399985 950 $aSIBA - SISTEMA BIBLIOTECARIO DI ATENEO E ARCHIVIO STORICO$dSI B B 0069 $eSI MR 24361 5 0069 $sBuono 996 $aFete arabe$91349051 997 $aUNIOR